<?xml version="1.0" encoding="UTF-8"?>
<collection xmlns:xsi="http://www.w3.org/2001/XMLSchema-instance" xsi:schemaLocation="http://www.loc.gov/MARC21/slim http://www.loc.gov/standards/marcxml/schema/MARC21slim.xsd" xmlns="http://www.loc.gov/MARC21/slim">
 <record>
  <leader>00000ctm a22000003a 4500</leader>
  <controlfield tag="001">UP-99796217613424654</controlfield>
  <controlfield tag="003">Buklod</controlfield>
  <controlfield tag="005">20200706183907.0</controlfield>
  <controlfield tag="006">t    gr     000 0 </controlfield>
  <controlfield tag="007">ta</controlfield>
  <controlfield tag="008">200706s2000    xx     d     r    |||| u|</controlfield>
  <datafield tag="035" ind1=" " ind2=" ">
   <subfield code="a">(iLib)UPD-00516573238</subfield>
  </datafield>
  <datafield tag="040" ind1=" " ind2=" ">
   <subfield code="a">DMC</subfield>
   <subfield code="e">rda</subfield>
  </datafield>
  <datafield tag="041" ind1=" " ind2=" ">
   <subfield code="a">eng</subfield>
  </datafield>
  <datafield tag="041" ind1=" " ind2=" ">
   <subfield code="a">fil</subfield>
  </datafield>
  <datafield tag="100" ind1="1" ind2=" ">
   <subfield code="a">Javier, Abigail Ralativo</subfield>
   <subfield code="d">1977-</subfield>
   <subfield code="e">author.</subfield>
  </datafield>
  <datafield tag="245" ind1="1" ind2="0">
   <subfield code="a">Newspapers' portrayal of mass actions staged by protest groups</subfield>
   <subfield code="c">by Abigail Relativo Javier.</subfield>
  </datafield>
  <datafield tag="264" ind1=" " ind2="0">
   <subfield code="a">Quezon City</subfield>
   <subfield code="b">College of Mass Communication, University of the Philippines Diliman</subfield>
   <subfield code="c">2000.</subfield>
  </datafield>
  <datafield tag="300" ind1=" " ind2=" ">
   <subfield code="a">84 leaves</subfield>
   <subfield code="b">color illustrations</subfield>
   <subfield code="c">28 cm</subfield>
  </datafield>
  <datafield tag="336" ind1=" " ind2=" ">
   <subfield code="a">text</subfield>
   <subfield code="2">rdacontent</subfield>
  </datafield>
  <datafield tag="337" ind1=" " ind2=" ">
   <subfield code="a">unmediated</subfield>
   <subfield code="2">rdamedia</subfield>
  </datafield>
  <datafield tag="338" ind1=" " ind2=" ">
   <subfield code="a">volume</subfield>
   <subfield code="2">rdacarrier</subfield>
  </datafield>
  <datafield tag="500" ind1=" " ind2=" ">
   <subfield code="a">Vita.</subfield>
  </datafield>
  <datafield tag="502" ind1=" " ind2=" ">
   <subfield code="a">Thesis (A.B. Communication Research)--University of the Philippines Diliman</subfield>
   <subfield code="d">October 2000.</subfield>
  </datafield>
  <datafield tag="506" ind1=" " ind2=" ">
   <subfield code="a">Available to the general public.</subfield>
  </datafield>
  <datafield tag="520" ind1=" " ind2=" ">
   <subfield code="a">A truly meaningful education today is not confined to learning theories within the four walls of the classroom. The environment within and outside the school plays a pivotal role in shaping minds which can be analytical and critical so that people may be able to respond correctly to the everchanging social, political and economic issues surrounding them. Thus, the researcher decided to undertake a study on a subject which is outside the realm of the classroom: an analysis of the portrayal by two leading national newspapers, namely the Philippine Daily Inquirer and the Philippine Star, of the mass actions of the two major protest groups, the Kilusang Mayo Uno (KMU) and the League of Filipino Students (LFS). This study has a three-fold purpose: to arouse interest, to criticize and to encourage people to be involved in taking positive actions on specific issues affecting our social, political, and economic life. Two groups of respondents were purposively chosen. The first group was composed of UP students. They were chosen because exposure to protest actions as well as to the print media constitutes education outside the classroom. Besides, UP students are known for their ability to plunge into discussions of meaningful issues within the social, political and economic spectrum. The second group, on the other hand, was composed of members of the KMU and the LFS. They were chosen primarily because of their actual exposure or &quot;inside&quot; knowledge acquired through their actual participation in mass actions. This study used the survey method, focused interviews and content analysis. It sought to determine how the Philippine Daily Inquirer and the Philippine Star portrayed the mass actions staged by the two protest groups, the KMU and the LFS. It also sought to determine the perceptions of the UP students and members of protest groups of the way the two newspapers portrayed the mass actions in their news articles. The study revealed many interesting findings. A tally of the answers of the one hundred (100) respondents purposively selected indicated that UP students had a neutral stand on the manner the two newspapers, the Philippine Daily Inquirer and the Philippine Star wrote about the mass actions of KMU and LFS. However, the survey showed that the UP students perceived that the newspapers tended to favor a little bit the LFS over the KMU. The results of the focused interviews indicated that majority of the KMU were of the agreement that the news articles on the mass actions of the protest groups were more on the positive side. On the other hand, the members of the LFS were divided on their perception. The content analysis part of the study revealed that the news articles of the Philippine Daily Inquirer and the Philippine Star had both positive and negative portrayal of the mass actions of the KMU and the LFS. However, the study indicated that although a big majority of UP students were daily readers of the Philippine Daily Inquirer and the Philippine Star, they seemed unconcerned about news articles pertaining to the mass actions of the KMU and the LFS. They were not certain if the portrayal of the newspapers towards the mass actions of these protest groups were positive or negative. The KMU and the LFS members on the other hand, were of the general perception that the newspapers positively portrayed the mass actions of their protest groups. The content analysis showed that frequently, the mass actions of the KMU and the LFS were both positively and negatively portrayed by the Philippine Daily Inquirer and the Philippine Star in their news articles. The findings also revealed that factors such as the students' individual or personal perception, their involvement in the mass actions of the KMU and the LFS, as well as their interaction with members of the KMU and the LFS members could have affected albeit, minimally, their perception of the way the two leading newspapers portrayed the mass actions of the two protest groups. The researcher recommends that a more comprehensive questionnaire be designed in order to discourage the tendency of the respondents to opt for a 'neutral' answer. The respondents and informants likewise should be habitual newspaper readers so that hey could be effective and reliable subjects for the study. The researcher also recommended that with regard to the content analysis part, the number of news articles about the protest groups be increased to enable a future researcher to cover greater ground. The time period allotted for the gathering of news articles pertaining to mass actions should also be longer because one has to contend with the fact that protests are hel as issues arise.</subfield>
  </datafield>
  <datafield tag="650" ind1=" " ind2="0">
   <subfield code="a">Philippine Daily Inquirer</subfield>
   <subfield code="x">Strikes and lockouts</subfield>
   <subfield code="x">Newspapers</subfield>
   <subfield code="z">Philippines.</subfield>
  </datafield>
  <datafield tag="650" ind1=" " ind2="0">
   <subfield code="a">Philippine Star</subfield>
   <subfield code="x">Strikes and lockouts</subfield>
   <subfield code="x">Newspapers</subfield>
   <subfield code="z">Philippines.</subfield>
  </datafield>
  <datafield tag="650" ind1=" " ind2="0">
   <subfield code="a">Kilusang Mayo Uno</subfield>
   <subfield code="z">Philippines</subfield>
   <subfield code="x">Protest movements in mass media.</subfield>
  </datafield>
  <datafield tag="650" ind1=" " ind2="0">
   <subfield code="a">League of Filipino Students</subfield>
   <subfield code="z">Philippines</subfield>
   <subfield code="x">Protest movements in mass media.</subfield>
  </datafield>
  <datafield tag="710" ind1="2" ind2=" ">
   <subfield code="a">University of the Philippines Diliman</subfield>
   <subfield code="b">College of Mass Communication.</subfield>
  </datafield>
  <datafield tag="905" ind1=" " ind2=" ">
   <subfield code="a">FI</subfield>
  </datafield>
  <datafield tag="905" ind1=" " ind2=" ">
   <subfield code="a">UP</subfield>
  </datafield>
  <datafield tag="852" ind1="0" ind2=" ">
   <subfield code="a">UPD</subfield>
   <subfield code="b">DMC</subfield>
  </datafield>
  <datafield tag="942" ind1=" " ind2=" ">
   <subfield code="a">Thesis</subfield>
  </datafield>
 </record>
</collection>
